Tramwaje Warszawa- Linia 1 (przystanki) - Statystyki

Ogólne statystyki
  • Ten quiz został rozwiązany 373 razy
  • Średni wynik to 21 z 32
Statystyki odpowiedzi
Numer przystanku Nazwa przystanku % Poprawnych
1. Annopol
93%
32. Banacha
83%
28. Plac Narutowicza
80%
17. Dworzec Gdański
78%
26. Plac Zawiszy
76%
25. Rondo Daszyńskiego
76%
30. Och-Teatr
73%
15. Most Gdański
72%
10. Rondo Żaba
71%
27. Ochota-ratusz
70%
18. Baseny Inflancka
68%
23. Okopowa
68%
12. Rondo Starzyńskiego
68%
13. Rondo Starzyńskiego
68%
24. Muzeum Powstania Warszawskiego
67%
31. Bitwy Warszawskiej 1920r.
64%
19. Powązkowska
64%
29. Wawelska
64%
21. Cmentarz Żydowski
63%
14. Wybrzeże Helskie
61%
16. Park Traugutta
60%
5. Rembielińska
59%
2. Toruńska
59%
22. Żytnia
58%
3. Kondratowicza
56%
8. Pożarowa
56%
7. Budowlana
54%
20. Niska
54%
6. Julianowska
52%
11. Namysłowska
50%
4. Poborzańska
46%
9. Staniewicka
45%
Nie znaleziono quizów pasujących do podanych kryteriów
Rozkład punktacji
Procent ludzi z każdym wynikiem
Percentyl według liczby udzielonych odpowiedzi
Twoja historia wyników
Nie rozwiązałeś tego quizu